000 00599nam a22001697a 4500
020 _qHard Cover.
082 _a200
100 _aKarim Iqbal, Danish
245 _aDesign and Development of a test rig for testing of Fuzzy controller/
_cDanish Karim Iqbal.
260 _aKarachi :
_bPNEC - NUST,
_c2013.
300 _a62 p. : ill. ;
_c30cm.
650 _aMS-Electrical Engineering
_923567
700 _aSupervisor: Dr. Muhammad Bilal Kadri.
_9127288
856 _u http://10.250.8.41:8080/xmlui/handle/123456789/13295
942 _2ddc
_cSC
999 _c535417
_d535417